| 000 | 01555nam a22002771 4500 | ||
|---|---|---|---|
| 001 | 15874 | ||
| 003 | ES-MaACL | ||
| 005 | 20250712024241.0 | ||
| 007 | t| | ||
| 008 | 000512s1997 sp a |||| |bspa | ||
| 020 | _a84-88306-33-4 | ||
| 080 | _a081 Cánovas del Castillo, Antonio | ||
| 080 | _a821.134.2-82"18" | ||
| 100 | 1 |
_aCánovas del Castillo, Antonio, _d1828-1897 _934600 |
|
| 245 | 1 | 0 |
_aObras completas / _cAntonio Cánovas del Castillo ; prólogo, José María Aznar ; presentación, Carlos Robles Piquer ; introducción general, José María García Escudero ; introducción a la edición, Luis E. Togores Sánchez. |
| 260 |
_aMadrid : _bFundación Cánovas del Castillo, _c1997. |
||
| 300 |
_a13 v. : _bil. ; _c25 cm. |
||
| 505 | 8 | _aContiene: 1. Obras históricas - 2. Discursos políticos y parlamentarios - 3. Biografías - 4. Escritos de economía política - 5. Creación literaria y poética - 6. Crítica literaria, epistolario y otros escritos - 7. Obra miscelánea humanística - 8. Intervenciones parlamentarias I - 9. Intervenciones parlamentarias II - 10. Intervenciones parlamentarias III - 11. Intervenciones parlamentarias IV - 12. Intervenciones parlamentarias V - 13. Índices | |
| 700 | 1 |
_aAznar, José María, _d1953- _924301 |
|
| 700 | 1 |
_aRobles Piquer, Carlos, _d1925-2018 _997951 |
|
| 700 | 1 |
_aGarcía Escudero, José María. _954570 |
|
| 700 | 1 |
_aTogores Sánchez, Luis Eugenio. _9110423 |
|
| 710 | 2 |
_aFundación Cánovas del Castillo. _94244 |
|
| 852 |
_aES-MaACL _jL-22828-40 |
||
| 999 |
_c15874 _d15874 |
||